Материаловедение: учебник

Dades bibliogràfiques
Altres autors: Гадалов В. Н., Сафонов С. В., Романенко Д. Н., Скрипкина Ю. В., Розина Т. Н.
Sumari:В учебнике нашли свое отражение все важнейшие и приоритетные направления фундаментального и прикладного научного знания, соответствующие совершенствованию современных материалов и технологических процессов обработки. Представлены разделы по модифицированию сплавов и покрытий, структуре реальных кристаллов, по упрочняющим технологиям обработки металлов, а также лазерной, термической и химико-термической обработке современных материалов; робототехнике в медицине. Учебник рекомендован Учебно-методическим объединением вузов «Материаловедение и технология конструкционных материалов» при Минобрнауки РФ в качестве учебника для студентов технических направлений. Предназначен для специалистов, аспирантов, докторантов, интересующихся работами в области материалов и упрочняющих технологий.
Idioma:rus
Publicat: Москва, Аргамак-Медиа, 2014
Col·lecció:Высшая школа
Matèries:
Format: MixedMaterials Llibre
KOHA link:https://koha.lib.tpu.ru/cgi-bin/koha/opac-detail.pl?biblionumber=268825

MARC

LEADER 00000nam0a2200000 4500
001 268825
005 20231101234212.0
010 |a 9785000240175 
010 |a 978-5-16-009603-2 
035 |a (RuTPU)RU\TPU\book\291981 
090 |a 268825 
100 |a 20140909d2014 m y0rusy50 ca 
101 0 |a rus 
102 |a RU 
105 |a a j 001zy 
200 1 |a Материаловедение  |e учебник  |f В. Н. Гадалов [и др.] 
210 |a Москва  |c Аргамак-Медиа  |c Инфра-М  |d 2014 
215 |a 272 с.  |c ил. 
225 1 |a Высшая школа 
320 |a Библиогр.: с. 272. 
330 |a В учебнике нашли свое отражение все важнейшие и приоритетные направления фундаментального и прикладного научного знания, соответствующие совершенствованию современных материалов и технологических процессов обработки. Представлены разделы по модифицированию сплавов и покрытий, структуре реальных кристаллов, по упрочняющим технологиям обработки металлов, а также лазерной, термической и химико-термической обработке современных материалов; робототехнике в медицине. Учебник рекомендован Учебно-методическим объединением вузов «Материаловедение и технология конструкционных материалов» при Минобрнауки РФ в качестве учебника для студентов технических направлений. Предназначен для специалистов, аспирантов, докторантов, интересующихся работами в области материалов и упрочняющих технологий. 
606 1 |a Материаловедение  |2 stltpush  |3 (RuTPU)RU\TPU\subj\41248  |9 61053 
610 1 |a металлы 
610 1 |a атомно-кристаллическое строение 
610 1 |a дефекты 
610 1 |a реальные металлы 
610 1 |a сплавы 
610 1 |a кристаллизация 
610 1 |a свойства 
610 1 |a диаграммы состояний 
610 1 |a двухкомпонентные сплавы 
610 1 |a нагрузки 
610 1 |a напряжения 
610 1 |a деформации 
610 1 |a технологические свойства 
610 1 |a эксплуатационные свойства 
610 1 |a материалы 
610 1 |a конструкционная прочность 
610 1 |a поликристаллические тела 
610 1 |a возврат 
610 1 |a рекристаллизация 
610 1 |a железоуглеродистые сплавы 
610 1 |a классификация 
610 1 |a чугун 
610 1 |a термическая обработка 
610 1 |a отжиг 
610 1 |a закалка 
610 1 |a отпуск 
610 1 |a упрочнение 
610 1 |a конструкционные материалы 
610 1 |a легированные стали 
610 1 |a жаропрочные сплавы 
610 1 |a жаропрочные стали 
610 1 |a порошковые материалы 
610 1 |a наноматериалы 
610 1 |a неметаллические материалы 
610 1 |a пластмассы 
610 1 |a резины 
610 1 |a учебники 
675 |a 620.22(075.8)  |v 3 
701 1 |a Гадалов  |b В. Н. 
701 1 |a Сафонов  |b С. В. 
701 1 |a Романенко  |b Д. Н. 
701 1 |a Скрипкина  |b Ю. В. 
701 1 |a Розина  |b Т. Н. 
801 1 |a RU  |b 63413507  |c 20140909 
801 2 |a RU  |b 63413507  |c 20200824  |g RCR 
900 |a Материаловедение 
900 |a Материаловедение и технология конструкционных материалов 
942 |c BK 
951 |l 8 
955 |l 8 
959 |a 128/20140908  |d 5  |e 394,90  |f ЧЗТЛ:1  |f АНЛ:1  |f УФ:3